000 00605nam a22001817a 4500
008 160926b xxu||||| |||| 00| 0 eng d
020 _a0521022142
040 _aKABU
_cKABU
050 _aQL757
_b.P73 2001 c. 1
245 _aPractical exercises in parasitology
_cedited by David W. Halton, Jerzy M. Behnke
260 _aCambridge
_bCambridge University Press
_c2001
300 _axviii, 461 p.
650 _aParasitology
_vLaboratory manuals
700 _aHalton, David W.
700 _aBehnke, Jerzy M.
700 _aMarshall, Ian
942 _2lcc
_cBK
_hQL757 .P73 2001 c. 1
999 _c16103
_d16103